• 首页
  • 本馆介绍
  • 公告通知
  • 最新文献
  • 馆藏检索
  • 电子资源
  • 读者导购
  • 参考咨询
  • 我的图书馆
  • 登录
  • 详细信息显示
  • 放入我的书架
  • 预约/预借图书
  • 作者相关作品
  • 分类相关作品
  • 丛书相关作品
  • 出版社相关作品

书目信息

  • 表格格式
  • 工作单格式
  • 卡片格式
题名:
职业生涯规划教学设计选
    
 
作者: 蒋乃平 , 杜爱玲 主编
分册:  
出版信息: 北京   高等教育出版社  2013.02
页数: 510页
开本: 26cm
丛书名:
单 册:
中图分类: G717.38
科图分类:
主题词: 职业选择--教学设计--中等专业教育--教学参考资料 , 职业选择 , 教学设计 , 职业选择
电子资源:
ISBN: 978-7-04-035436-2
000 01089nam0 2200301 450
001 0108153915
005 20210308154404.0
010    @a978-7-04-035436-2@dCNY39.80
100    @a20210307e20182013em y0chiy50 ea
101 0  @achi
102    @aCN@b110000
105    @ay z 000yy
106    @ar
200 1  @a职业生涯规划教学设计选@Azhi ye sheng ya gui hua jiao xue she ji xuan@f蒋乃平, 杜爱玲主编
210    @a北京@c高等教育出版社@d2013.02@h2018.09
215    @a510页@d26cm@e1光盘
300    @a中等职业教育德育课课程改革国家规划新教材配套教学用书
307    @a附光盘:ISBN 978-7-89423-290-8
330    @a本书收入教学设计58份。选入本书的教学设计均由说课稿、教案和教学课件组成。包括:职业生涯规划与职业理想、职业生涯发展条件与机遇、职业生涯发展目标与措施等共五个单元。
606 0  @a职业选择@x教学设计@x中等专业教育@j教学参考资料
606 0  @a职业选择
606 0  @a教学设计
606 0  @a职业选择
690    @aG717.38@v5
701  0 @a蒋乃平@Ajiang nai ping@4主编
701  0 @a杜爱玲@Adu ai ling@4主编
801  0 @aCN@bBJSZM@c20210308
905    @b1272971-4@dG717.38@e63@f4
    
    职业生涯规划教学设计选/蒋乃平, 杜爱玲主编.-北京:高等教育出版社,2013.02(2018.09)
    510页;26cm+1光盘
    中等职业教育德育课课程改革国家规划新教材配套教学用书
    
    ISBN 978-7-04-035436-2:CNY39.80
    本书收入教学设计58份。选入本书的教学设计均由说课稿、教案和教学课件组成。包括:职业生涯规划与职业理想、职业生涯发展条件与机遇、职业生涯发展目标与措施等共五个单元。
●
相关链接 在E读中查询图书 在五车中查询图书 在当当中查询图书 在豆瓣中查询图书


正题名:职业生涯规划教学设计选     索取号:G717.38/63         预约/预借

序号 登录号 条形码 馆藏地/架位号 状态 备注
1 1272971   212729715   第一样本阅览室/ [索取号:G717.38/63] 在馆    
2 1272972   212729724   教育系资料室/ [索取号:G717.38/63] 在馆    
3 1272973   212729733   教育系资料室/ [索取号:G717.38/63] 在馆    
4 1272974   212729742   第四借阅区/ [索取号:G717.38/63] 在馆    
唐山师范学院图书馆 欢迎您!
大连网信软件有限公司© 版权所有